[Event "Ferrol op 32th"]
[Site "Ferrol"]
[Date "2017.07.20"]
[Round "5"]
[White "Gonzalez Pico, Jorge"]
[Black "Martinez Insua, Adrian"]
[Result "1-0"]
[WhiteElo "1289"]
[BlackElo "1485"]
[PlyCount "77"]
[EventDate "2017.07.16"]
[EventType "swiss"]
[EventRounds "9"]
[EventCountry "ESP"]
[SourceTitle "EXT 2024"]
[Source "ChessBase"]
[SourceDate "2023.10.10"]
[SourceVersion "1"]
[SourceVersionDate "2023.10.10"]
[SourceQuality "1"]

1. e4 c5 2. Nf3 d6 3. d4 cxd4 4. Nxd4 Nf6 5. Nc3 g6 6. Bd3 Bg7 7. 0-0 0-0 8. Nf3 Bd7 9. Nd5 e6 10. Nxf6+ Bxf6 11. Rb1 Nc6 12. Be3 Qa5 13. a3 d5 14. c3 dxe4 15. Bxe4 Qc7 16. Bg5 Bg7 17. h4 Ne5 18. Bf4 Rad8 19. Qe2 Nxf3+ 20. Qxf3 e5 21. Bg5 Rb8 22. h5 h6 23. Bf6 Qc8 24. Bxg7 Kxg7 25. hxg6 fxg6 26. Qg3 Qe8 27. f4 exf4 28. Rxf4 Qe6 29. Rxf8 Rxf8 30. Re1 Qb6+ 31. Kh1 Qf6 32. Bxb7 Bf5 33. Be4 Bxe4 34. Rxe4 Qb6 35. Re7+ Kh8 36. Qe5+ Qf6 37. Qxf6+ Rxf6 38. Rxa7 Rf2 39. Rb7 1-0

[Event "Arteixo Concello U2200 op 15th"]
[Site "Arteixo"]
[Date "2014.07.25"]
[Round "1.7"]
[White "Arias Rodriguez, Manuel Ramon"]
[Black "Martinez Insua, Adrian"]
[Result "1-0"]
[WhiteElo "1989"]
[BlackElo "1539"]
[PlyCount "47"]
[EventDate "2014.07.25"]
[EventType "swiss"]
[EventRounds "6"]
[EventCountry "ESP"]
[SourceTitle "EXT 2024"]
[Source "ChessBase"]
[SourceDate "2023.10.10"]
[SourceVersion "1"]
[SourceVersionDate "2023.10.10"]
[SourceQuality "1"]

1. Nf3 Nf6 2. c4 b6 3. d4 e6 4. g3 Bb4+ 5. Bd2 Bxd2+ 6. Qxd2 Bb7 7. Bg2 0-0 8. 0-0 d6 9. Nc3 Nc6 10. d5 Ne7 11. e4 Ng6 12. Nd4 Re8 13. h4 Ne5 14. b3 exd5 15. cxd5 Ba6 16. Rfe1 Neg4 17. f3 Ne5 18. a4 Qd7 19. Kh2 Bc8 20. Rac1 c5 21. dxc6 Nxc6 22. Nxc6 Qxc6 23. Nd5 Qd7 24. Nc7 1-0